| 000 | 00542 a2200169 4500 | ||
|---|---|---|---|
| 001 | 56617 | ||
| 082 | _a629.1323 DOM | ||
| 090 |
_c34837 _d34837 |
||
| 100 |
_aDommasch, Daniel O ; Sydney S. Sherby; Thomas F. C. _aSydney S. Sherby; Thomas F. C. |
||
| 245 |
_aAirplane aerodynamics, 4/e _cDaniel O Dommasch |
||
| 250 | _a4 | ||
| 260 |
_aUSA _bPutnam _c2004 |
||
| 300 |
_a624 p. _bphotocopy [ 12244-12281 origional copy] |
||
| 500 | _aBE textbook Aerospace | ||
| 520 | _aBE textbook Aerospace | ||
| 600 | _aSydney S. Sherby; Thomas F. C. | ||
| 942 |
_aNUST-CAE _k629.1323 DOM |
||
| 999 |
_c291690 _d291690 |
||